[Event "PAR-ch U16"]
[Site "Asuncion"]
[Date "2019.02.07"]
[Round "6"]
[White "Montiel, Angel Nathanael"]
[Black "Martinez Ramirez, Anahi"]
[Result "1-0"]
[WhiteElo "1712"]
[BlackElo "1519"]
[PlyCount "81"]
[EventDate "2019.02.04"]
[EventType "swiss"]
[EventRounds "9"]
[EventCountry "PAR"]
[SourceTitle "CBM 189 Extra"]
[Source "ChessBase"]
[SourceDate "2019.06.03"]
[SourceVersion "1"]
[SourceVersionDate "2019.06.03"]
[SourceQuality "1"]

1. e4 e6 2. d4 d5 3. Nc3 dxe4 4. Nxe4 Nd7 5. Nf3 Ngf6 6. Bd3 Nxe4 7. Bxe4 Nf6 8. Bd3 b6 9. Ne5 c5 10. Bb5+ Bd7 11. Nxd7 Nxd7 12. dxc5 Bxc5 13. Qg4 Qf6 14. 0-0 a6 15. Bxd7+ Kxd7 16. Bg5 Qxb2 17. Rad1+ Ke8 18. Qe4 Rb8 19. Qc6+ Kf8 20. Qd7 Qb5 21. Qc7 Qe8 22. Rd7 f6 23. Rfd1 Rc8 24. Rf7+ Kg8 25. Rxg7+ Kf8 26. Rf7+ Kg8 27. Rg7+ Kf8 28. Bh6 Rxc7 29. Rxc7+ Kg8 30. Rg7+ Kf8 31. Rdd7 Qc8 32. Rxh7+ Ke8 33. Rxh8+ Kxd7 34. Rxc8 Kxc8 35. Be3 Kd7 36. Bxc5 bxc5 37. Kf1 Kd6 38. Ke2 Ke5 39. Ke3 f5 40. f4+ Kd5 41. h4 1-0

[Event "PAR-ch U16"]
[Site "Asuncion"]
[Date "2019.02.06"]
[Round "5"]
[White "Martinez Ramirez, Anahi"]
[Black "Lugo, Sabrina"]
[Result "1-0"]
[WhiteElo "1519"]
[BlackElo "1150"]
[PlyCount "85"]
[EventDate "2019.02.04"]
[EventType "swiss"]
[EventRounds "9"]
[EventCountry "PAR"]
[SourceTitle "CBM 189 Extra"]
[Source "ChessBase"]
[SourceDate "2019.06.03"]
[SourceVersion "1"]
[SourceVersionDate "2019.06.03"]
[SourceQuality "1"]

1. e4 c5 2. Nf3 Nc6 3. d4 cxd4 4. Nxd4 d6 5. Nc3 a6 6. Be3 Nf6 7. Be2 g6 8. 0-0 Bg7 9. h3 0-0 10. Qd2 Bd7 11. f4 b5 12. Bf3 Rc8 13. Nxc6 Bxc6 14. a3 Qc7 15. Qe2 e5 16. fxe5 dxe5 17. Rad1 Rfd8 18. Qf2 Rxd1 19. Rxd1 Qb7 20. Qh4 Qc7 21. Bg5 Ne8 22. Bg4 Rb8 23. Qf2 f6 24. Be6+ Kh8 25. Be3 Nd6 26. Bd5 Bxd5 27. Nxd5 Qf7 28. Nxf6 Qxf6 29. Qxf6 Bxf6 30. Rxd6 Be7 31. Rxa6 Kg8 32. Rb6 Rxb6 33. Bxb6 Kf7 34. Kf2 Ke6 35. Ke2 Kd6 36. Kd3 Kc6 37. Be3 Bf6 38. c4 bxc4+ 39. Kxc4 Be7 40. b4 Kb7 41. Bc5 Bd8 42. Kd5 Bf6 43. Bd6 1-0

[Event "Olympiad Women-43"]
[Site "Batumi"]
[Date "2018.10.03"]
[Round "9.3"]
[White "McPherson, Naledi"]
[Black "Martinez Ramirez, Anahi"]
[Result "0-1"]
[WhiteElo "1267"]
[BlackElo "1510"]
[PlyCount "110"]
[EventDate "2018.09.24"]
[EventType "team-swiss"]
[EventRounds "11"]
[EventCountry "GEO"]
[SourceTitle "EXT 2020"]
[Source "ChessBase"]
[SourceDate "2019.10.17"]
[SourceVersion "1"]
[SourceVersionDate "2019.10.17"]
[SourceQuality "1"]
[WhiteTeam "Lesotho (W)"]
[BlackTeam "Paraguay (W)"]
[WhiteTeamCountry "LES"]
[BlackTeamCountry "PAR"]

1. e4 e6 2. d4 d5 3. Bd3 dxe4 4. Bxe4 Nf6 5. Qd3 Nxe4 6. Qxe4 Nd7 7. f4 Nf6 8. Qd3 c5 9. c3 cxd4 10. cxd4 b6 11. Nf3 Bb7 12. 0-0 Be7 13. Nc3 0-0 14. Kh1 Nd5 15. Ne4 Nb4 16. Qe2 Ba6 17. Qd1 Bxf1 18. Qxf1 Nc2 19. Rb1 Nxd4 20. Ne5 f6 21. Nc4 Qc7 22. Be3 Rfd8 23. Rc1 Qb7 24. Ng3 Rac8 25. b3 b5 26. Nd2 Rxc1 27. Qxc1 Rc8 28. Qd1 Nc2 29. Qe2 Nxe3 30. Qxe3 Qd7 31. h3 Bc5 32. Qe2 Rd8 33. Nde4 Qd1+ 34. Qxd1 Rxd1+ 35. Kh2 Bg1+ 36. Kh1 Be3+ 37. Kh2 Bxf4 38. h4 Bxg3+ 39. Kxg3 f5 40. Nc5 e5 41. a4 bxa4 42. bxa4 h6 43. Kf3 Rd4 44. g3 Rc4 45. Nb7 Rxa4 46. Nd6 Ra3+ 47. Kf2 f4 48. gxf4 exf4 49. Kg2 g5 50. hxg5 hxg5 51. Ne4 g4 52. Nf6+ Kf7 53. Nd5 Ra2+ 54. Kg1 f3 55. Ne3 g3 0-1

[Event "Olympiad Women-43"]
[Site "Batumi"]
[Date "2018.10.02"]
[Round "8.3"]
[White "Martinez Ramirez, Anahi"]
[Black "Zhang, Jilin"]
[Result "0-1"]
[WhiteElo "1510"]
[BlackElo "2224"]
[PlyCount "66"]
[EventDate "2018.09.24"]
[EventType "team-swiss"]
[EventRounds "11"]
[EventCountry "GEO"]
[SourceTitle "EXT 2020"]
[Source "ChessBase"]
[SourceDate "2019.10.17"]
[SourceVersion "1"]
[SourceVersionDate "2019.10.17"]
[SourceQuality "1"]
[WhiteTeam "Paraguay (W)"]
[BlackTeam "Australia (W)"]
[WhiteTeamCountry "PAR"]
[BlackTeamCountry "AUS"]

1. e4 c5 2. Nf3 d6 3. d4 cxd4 4. Nxd4 Nf6 5. f3 e6 6. c4 a6 7. Nc3 b6 8. Be3 Bb7 9. Be2 Be7 10. 0-0 Qc7 11. Rc1 Nbd7 12. Qd2 0-0 13. Bf2 Rac8 14. Rfd1 Rfe8 15. Kh1 Qb8 16. a3 Bd8 17. Nc2 Bc7 18. Bg3 Ne5 19. Ne3 Nh5 20. f4 Nxg3+ 21. hxg3 Ng6 22. Rf1 Bd8 23. Rcd1 Be7 24. Bg4 Nf8 25. Qf2 Bf6 26. Ned5 exd5 27. Bxc8 Qxc8 28. Nxd5 Bxd5 29. cxd5 Rxe4 30. Rc1 Qf5 31. Rfd1 g5 32. Rf1 Bd4 33. Qf3 g4 0-1

[Event "PAR-ch qual5"]
[Site "Asuncion"]
[Date "2018.07.07"]
[Round "2"]
[White "Martinez Ramirez, Anahi"]
[Black "Alarcon, Jose"]
[Result "0-1"]
[WhiteElo "1556"]
[BlackElo "2050"]
[PlyCount "101"]
[EventDate "2018.07.06"]
[EventType "swiss"]
[EventRounds "7"]
[EventCountry "PAR"]
[SourceTitle "EXT 2019"]
[Source "ChessBase"]
[SourceDate "2018.10.10"]
[SourceVersion "1"]
[SourceVersionDate "2018.10.10"]
[SourceQuality "1"]

1. e4 c5 2. Nf3 Nc6 3. d4 cxd4 4. Nxd4 g6 5. Nc3 Bg7 6. Be3 Nf6 7. Be2 0-0 8. 0-0 d6 9. f4 Qb6 10. Na4 Qa5 11. Nc3 Bd7 12. g4 Nxd4 13. Bxd4 Bxg4 14. Bxg4 Nxg4 15. Nd5 Bxd4+ 16. Qxd4 Rae8 17. h3 Nf6 18. Nxf6+ exf6 19. Qxf6 Qc5+ 20. Rf2 Rxe4 21. f5 Rf4 22. Raf1 Rxf5 23. Qe7 Rg5+ 24. Kh2 Qe5+ 25. Qxe5 Rxe5 26. Rd1 d5 27. Rfd2 Rfe8 28. Kg1 Rd8 29. c4 d4 30. Rxd4 Rxd4 31. Rxd4 Re2 32. Rd8+ Kg7 33. b4 Rxa2 34. b5 Rc2 35. Rd7 Rxc4 36. Rxb7 Ra4 37. Kf2 Ra3 38. Kg2 a5 39. Ra7 a4 40. b6 Rb3 41. b7 a3 42. Rxa3 Rxb7 43. Rf3 g5 44. Kg3 h5 45. h4 f6 46. Rf5 Kg6 47. Rf3 Rb4 48. hxg5 fxg5 49. Rf8 h4+ 50. Kh3 Rb3+ 51. Kg4 0-1

[Event "PAR-ch (Women)"]
[Site "Asuncion"]
[Date "2018.02.26"]
[Round "6"]
[White "Martinez Ramirez, Anahi"]
[Black "Carreras Colman, Luz Gabriela"]
[Result "1/2-1/2"]
[WhiteElo "1554"]
[BlackElo "1436"]
[PlyCount "54"]
[EventDate "2018.02.23"]
[EventType "swiss"]
[EventRounds "7"]
[EventCountry "PAR"]
[SourceTitle "CBM 183 Extra"]
[Source "ChessBase"]
[SourceDate "2018.04.19"]
[SourceVersion "1"]
[SourceVersionDate "2018.04.19"]
[SourceQuality "1"]

1. e4 e5 2. Nf3 d6 3. Bc4 Be7 4. 0-0 Nf6 5. d3 0-0 6. c3 Nbd7 7. Nbd2 Nb6 8. Bb3 Bg4 9. h3 Bh5 10. Re1 Re8 11. Nf1 c6 12. Ng3 Bg6 13. Be3 Bf8 14. Bc2 d5 15. d4 dxe4 16. dxe5 exf3 17. Bxg6 fxg6 18. exf6 Qxd1 19. Raxd1 gxf6 20. gxf3 Kf7 21. Ne4 Nc4 22. b3 Nxe3 23. Rxe3 f5 24. Nd6+ Bxd6 25. Rxd6 Rxe3 26. fxe3 Re8 27. Kf2 Re7 1/2-1/2

[Event "PAR-ch (Women)"]
[Site "Asuncion"]
[Date "2018.02.26"]
[Round "7"]
[White "Vargas, Gabriela"]
[Black "Martinez Ramirez, Anahi"]
[Result "1-0"]
[WhiteElo "2099"]
[BlackElo "1554"]
[PlyCount "57"]
[EventDate "2018.02.23"]
[EventType "swiss"]
[EventRounds "7"]
[EventCountry "PAR"]
[SourceTitle "CBM 183 Extra"]
[Source "ChessBase"]
[SourceDate "2018.04.19"]
[SourceVersion "1"]
[SourceVersionDate "2018.04.19"]
[SourceQuality "1"]

1. d4 d5 2. Nf3 e6 3. c3 Nf6 4. Bg5 Be7 5. Nbd2 Nbd7 6. e3 c5 7. Bd3 0-0 8. 0-0 b6 9. Ne5 Bb7 10. f4 cxd4 11. exd4 Ne4 12. Bxe7 Qxe7 13. Nxd7 Qxd7 14. Nf3 f6 15. Qe2 Rac8 16. Rfe1 Bc6 17. Bxe4 dxe4 18. Nd2 f5 19. Nc4 Bb5 20. Ne5 Qd5 21. Qe3 Rc7 22. b3 Qd6 23. c4 Ba6 24. Rac1 Rfc8 25. Red1 Qa3 26. Qd2 Bb7 27. Qe3 Qxa2 28. Ra1 Qc2 29. Rd2 1-0

[Event "South-America-chT U14 22th"]
[Site "Medellin"]
[Date "2016.12.14"]
[Round "3.4"]
[White "Kaslan, Catherine"]
[Black "Martinez Ramirez, Anahi"]
[Result "0-1"]
[WhiteElo "1702"]
[BlackElo "1493"]
[PlyCount "86"]
[EventDate "2016.12.12"]
[EventType "team-tourn"]
[EventRounds "9"]
[EventCountry "COL"]
[SourceTitle "EXT 2024"]
[Source "ChessBase"]
[SourceDate "2023.10.10"]
[SourceVersion "1"]
[SourceVersionDate "2023.10.10"]
[SourceQuality "1"]
[WhiteTeam "Surinam"]
[BlackTeam "Paraguay"]
[WhiteTeamCountry "SUR"]
[BlackTeamCountry "PAR"]

1. e4 e6 2. d4 d5 3. Nd2 Nf6 4. e5 Nfd7 5. Bd3 c5 6. c3 Nc6 7. Ne2 cxd4 8. cxd4 Qb6 9. Nf3 Be7 10. 0-0 0-0 11. Re1 Re8 12. Bb1 Nf8 13. a3 Bd7 14. Ra2 Na5 15. Bc2 Rac8 16. Bd2 Nc4 17. Bc3 Qc7 18. Nd2 b5 19. Nb1 a5 20. Bd3 b4 21. Bd2 Nxd2 22. Qxd2 Qb6 23. h3 Bb5 24. axb4 Bxd3 25. Qxd3 axb4 26. Ra6 Qb7 27. Nd2 Ra8 28. Rea1 Rxa6 29. Rxa6 Ra8 30. Rxa8 Qxa8 31. Nb3 Nd7 32. Qb5 Qc8 33. Kh2 h6 34. Na5 Nb8 35. Nb3 Kh7 36. Nec1 Na6 37. Qd3+ g6 38. Qb5 Bg5 39. Ne2 Qc4 40. Qd7 Kg7 41. f4 Bh4 42. g3 Qxe2+ 43. Kg1 Bxg3 0-1

[Event "Ciudad del Este qual 5th"]
[Site "Ciudad del Este"]
[Date "2016.08.14"]
[Round "4.7"]
[White "Britez, G Jorge A"]
[Black "Martinez Ramirez, Anahi"]
[Result "1-0"]
[WhiteElo "1783"]
[BlackElo "1511"]
[PlyCount "53"]
[EventDate "2016.08.12"]
[EventType "swiss"]
[EventRounds "7"]
[EventCountry "PAR"]
[SourceTitle "EXT 2023"]
[Source "ChessBase"]
[SourceDate "2022.10.05"]
[SourceVersion "1"]
[SourceVersionDate "2022.10.05"]
[SourceQuality "1"]

1. e4 e6 2. d4 d5 3. Nd2 Nf6 4. e5 Nfd7 5. Bd3 c5 6. c3 Qb6 7. Ne2 Nc6 8. Nf3 cxd4 9. cxd4 Bb4+ 10. Bd2 f6 11. exf6 Nxf6 12. 0-0 Bd7 13. Bc3 0-0 14. Rc1 Rac8 15. Ng3 Kh8 16. Bb1 Bxc3 17. Rxc3 Rce8 18. Rb3 Qc7 19. Qd3 Re7 20. Re1 Be8 21. Ne5 Nxe5 22. dxe5 Bg6 23. Qd4 Nd7 24. Bxg6 Qc5 25. Qxc5 Nxc5 26. Rb5 hxg6 27. Rxc5 1-0

[Event "PAR-ch U18"]
[Site "Ciudad del Este"]
[Date "2016.05.29"]
[Round "6"]
[White "Martinez Ramirez, Anahi"]
[Black "Rodriguez, Camila"]
[Result "1-0"]
[WhiteElo "1474"]
[BlackElo "1498"]
[PlyCount "53"]
[EventDate "2016.05.28"]
[EventType "swiss"]
[EventRounds "7"]
[EventCountry "PAR"]
[SourceTitle "CBM 172 Extra"]
[Source "ChessBase"]
[SourceDate "2016.06.21"]
[SourceVersion "1"]
[SourceVersionDate "2016.06.21"]
[SourceQuality "1"]

1. e4 e5 2. Nf3 d6 3. c3 Nf6 4. d3 b6 5. Be2 Bb7 6. Bg5 Be7 7. Nbd2 Nbd7 8. Nf1 h6 9. Bd2 d5 10. exd5 Bxd5 11. Ng3 e4 12. dxe4 Nxe4 13. Nxe4 Bxe4 14. Bf4 0-0 15. 0-0 c5 16. Qa4 Nf6 17. Rad1 Qc8 18. Ne5 Qf5 19. Bd3 Qxf4 20. Nd7 Nxd7 21. Bxe4 Bd6 22. g3 Qf6 23. Bxa8 Rxa8 24. Qxd7 Rd8 25. Qxa7 Be7 26. Rd7 Rxd7 27. Qxd7 1-0

[Event "PAR-ch U18"]
[Site "Ciudad del Este"]
[Date "2016.05.28"]
[Round "2"]
[White "Aguero Centurio, Abel Alejandro"]
[Black "Martinez Ramirez, Anahi"]
[Result "1-0"]
[WhiteElo "1959"]
[BlackElo "1474"]
[PlyCount "40"]
[EventDate "2016.05.28"]
[EventType "swiss"]
[EventRounds "7"]
[EventCountry "PAR"]
[SourceTitle "CBM 172 Extra"]
[Source "ChessBase"]
[SourceDate "2016.06.21"]
[SourceVersion "1"]
[SourceVersionDate "2016.06.21"]
[SourceQuality "1"]

1. d4 d5 2. Nf3 Nf6 3. Bf4 e6 4. e3 c5 5. c3 Nc6 6. Nbd2 Qb6 7. Rb1 g6 8. Bd3 Bg7 9. h4 0-0 10. h5 Nxh5 11. Rxh5 gxh5 12. Ng5 h6 13. Bh7+ Kh8 14. Qxh5 f6 15. Nf7+ Rxf7 16. Qxf7 Kxh7 17. Bxh6 Kxh6 18. Ke2 Qb5+ 19. c4 Nxd4+ 20. exd4 dxc4 1-0

[Event "PAR-ch U16"]
[Site "Asuncion"]
[Date "2016.05.07"]
[Round "4.5"]
[White "Martinez Ramirez, Anahi"]
[Black "Lopez, Clara Magdalena"]
[Result "1-0"]
[WhiteElo "1474"]
[BlackElo "1343"]
[PlyCount "47"]
[EventDate "2016.05.06"]
[EventType "swiss"]
[EventRounds "7"]
[EventCountry "PAR"]
[SourceTitle "EXT 2023"]
[Source "ChessBase"]
[SourceDate "2022.10.05"]
[SourceVersion "1"]
[SourceVersionDate "2022.10.05"]
[SourceQuality "1"]

1. e4 e5 2. Nf3 Nc6 3. Bb5 Bc5 4. 0-0 d6 5. c3 a6 6. Ba4 Bg4 7. h3 Bh5 8. d3 h6 9. Re1 Nf6 10. Be3 b5 11. Bb3 0-0 12. Nbd2 Ne7 13. Qc2 c6 14. d4 exd4 15. cxd4 Bb6 16. a4 Qc7 17. Rec1 Rfc8 18. e5 Bg6 19. Qd1 Ne4 20. Bf4 d5 21. Bc2 Nxd2 22. Qxd2 Bxc2 23. Qxc2 Nf5 24. Qxf5 1-0

[Event "PAR-ch (Women)"]
[Site "Asuncion"]
[Date "2015.11.29"]
[Round "8"]
[White "Sanchez Morel, Araceli"]
[Black "Martinez Ramirez, Anahi"]
[Result "1/2-1/2"]
[WhiteElo "1247"]
[BlackElo "1497"]
[PlyCount "80"]
[EventDate "2015.11.21"]
[EventType "tourn"]
[EventRounds "9"]
[EventCountry "PAR"]
[SourceTitle "CBM 169 Extra"]
[Source "ChessBase"]
[SourceDate "2015.12.18"]
[SourceVersion "1"]
[SourceVersionDate "2015.12.18"]
[SourceQuality "1"]

1. e4 e6 2. d4 d5 3. exd5 exd5 4. Nf3 Bd6 5. Be2 Nf6 6. 0-0 0-0 7. Re1 Re8 8. Be3 Be6 9. b3 Nbd7 10. c4 c6 11. Nc3 Bb4 12. Bd2 Qa5 13. Qc2 Rac8 14. a3 Bxc3 15. Bxc3 Qc7 16. c5 Ne4 17. Bd3 f5 18. Nd2 Qf4 19. Re2 Ndf6 20. f3 Nxc3 21. Qxc3 g5 22. g3 Qc7 23. Rae1 Qf7 24. Qc2 Qd7 25. Nf1 Nh5 26. Ne3 Ng7 27. Ng2 h6 28. f4 g4 29. Nh4 Qf7 30. Re5 Kf8 31. Kf2 Kg8 32. Nxf5 Nxf5 33. Bxf5 Bxf5 34. Qxf5 Qxf5 35. Rxf5 Rxe1 36. Kxe1 Re8+ 37. Re5 Rxe5+ 38. dxe5 Kf7 39. Ke2 Ke6 40. Kd3 Kf5 1/2-1/2

[Event "Este op 5th"]
[Site "Ciudad del Este"]
[Date "2015.08.29"]
[Round "4"]
[White "Martinez Ramirez, Anahi"]
[Black "Farhat, Mohamed Abdallah"]
[Result "1-0"]
[WhiteElo "1477"]
[BlackElo "1757"]
[PlyCount "67"]
[EventDate "2015.08.28"]
[EventType "swiss"]
[EventRounds "7"]
[EventCountry "PAR"]
[SourceTitle "EXT 2016"]
[Source "ChessBase"]
[SourceDate "2015.10.08"]
[SourceVersion "1"]
[SourceVersionDate "2015.10.08"]
[SourceQuality "1"]

1. e4 c5 2. Nc3 Nc6 3. f4 d6 4. Nf3 g6 5. Bb5 a6 6. Be2 b5 7. d3 Bg7 8. 0-0 Bb7 9. Qe1 e6 10. Qf2 Nd4 11. Bd1 Qe7 12. Be3 Nxf3+ 13. Bxf3 Rc8 14. d4 Nh6 15. Rad1 0-0 16. Qd2 cxd4 17. Bxd4 Bxd4+ 18. Qxd4 Rfd8 19. Qe3 f5 20. a3 fxe4 21. Bxe4 Ng4 22. Qe2 Bxe4 23. Nxe4 Nf6 24. Ng5 e5 25. Ne4 Nxe4 26. Qxe4 Kh8 27. Rfe1 Rc4 28. Qe3 Rxc2 29. fxe5 Re8 30. exd6 Qxe3+ 31. Rxe3 Rxe3 32. d7 Ree2 33. d8Q+ Kg7 34. Rd7+ 1-0